Málo masla na veľkom krajci

Bibliographic Details
Format: Article
Language:Slovak
ISSN:1210-1982
Subjects:

MARC

LEADER 00000nab a2200000 ar4500
001 vtls008418120
003 SK-MaSNL
005 20260303070040.0
008 051213c2005 xo mr|p|||||||000 b|slo
015 |a SNBRB2005/12  |2 snkbucl 
038 |a SNKBUCL 
040 |a SNKBUCL  |b slo  |c SNKBUCL  |e AACR2 
041 0 |a slo 
044 |a xo  |c SK 
080 |a 82.09:821.111-93  |x (048)  |2 UDC-MRF-SK2 
080 |a 821.111-93  |x (048)  |2 UDC-MRF-SK2 
080 |a 821.111-311.3  |x (0.053.2)  |x (048)  |2 UDC-MRF-SK2 
245 0 0 |a Málo masla na veľkom krajci  |c [autor] -et- 
650 0 7 |a dobrodružné romány, anglické  |x recenzie  |2 snkbucl  |9 1056272 
773 0 |t Knižná revue  |g Roč. XV, č. 19 (2005), s. 7  |x 1210-1982 
787 0 8 |i Rec.:  |a Stroud, Jonathan, 1970-  |t Z trilógie Bartimaeus. Kniha prvá, Amulet zo Samarkandu  |d Bratislava : Ikar, 2005  |z 8055109389 
852 |a SNK  |b KIS3GCP 
958 |a LX 
958 |a GB 
958 |a RC 
999 |c 1753700  |d 1755630